| 000 | 01990cam a22004214i 4500 | ||
|---|---|---|---|
| 003 | PE-LiUPU | ||
| 005 | 20250731173144.0 | ||
| 008 | 150623s1985 xxu r 000 0 eng d | ||
| 020 | _a1557480397 | ||
| 035 | _a(Sirsi) i9781557480392 | ||
| 040 |
_aPE-LiUPU _bspa _cPE-LiUPU _erda |
||
| 049 | _aPRUA | ||
| 082 | 0 | 4 |
_a220.3 _bB239b _223 |
| 110 |
_aBarbour and Company, Inc. _94333 |
||
| 245 | 1 | 4 |
_aThe Bible promíse book / _cBarbour and Company. |
| 264 | 1 |
_aWestwood, New Jersey : _bBarbour and Company, _c1985. |
|
| 300 |
_a180 páginas ; _c17 centímetros. |
||
| 336 |
_atext _2rdacontent |
||
| 337 |
_aunmediated _2rdamedia |
||
| 338 |
_avolume _2rdacarrier |
||
| 505 | 0 | _aAnger -- Belief Charity -- Children -- Children's duties -- Comfort -- Contentment -- Correction, God's -- Courage -- Death -- Enemies -- Eternal life -- Faith. Faithfulness, God's. Fear -- Food and clothing. Forgiveness -- Fruitfulns. Gossip -- Grace, growth in Guidance -- Guilt -- Help in troubles -- Holy spirit. Honesty -- Hope -- Hospitality -- Humlity -- Jealousy -- Joy -- Laziness -- Loneliness -- Long life -- Love, brotherly -- Love, God's -- Loving God -- Lust -- Lying -- Marriage -- Meekness -- Mercy -- Money -- Obedience -- Parents' duties -- Patience -- Peace -- Poverty -- Prayer -- Pride -- Prisoners -- Protection, God's -- Repentance -- Righteousness -- Salvation -- Seeking God -- Self-denial -- Self-righteousness -- Sexual sins -- Shame -- Sickness -- Sin, freedom from -- Sin, redemption from -- Slander and reproach -- Success -- Trust -- Wisdom Word of God. | |
| 526 | _aSEG42 | ||
| 526 | _aSEG41 | ||
| 526 | _aSEG40 | ||
| 526 | _aSEG39 | ||
| 526 | _aP94 | ||
| 526 | _aP87 | ||
| 526 | _aP86 | ||
| 526 | _aP85 | ||
| 526 | _aP77 | ||
| 526 | _aP76 | ||
| 526 | _aP35 | ||
| 630 | 1 | 4 |
_aBiblia. _pA.T. _vCitas. |
| 630 | 1 | 4 |
_aBiblia. _pN.T. _vCitas. |
| 942 |
_2ddc _cBK |
||
| 999 |
_c34972 _d34972 |
||
| 980 |
_81 _gALBERTO SANCHEZ Responsable de Automatización |
||